<?xml version="1.0" encoding="UTF-8"?>
<record
    xmlns:xsi="http://www.w3.org/2001/XMLSchema-instance"
    xsi:schemaLocation="http://www.loc.gov/MARC21/slim http://www.loc.gov/standards/marcxml/schema/MARC21slim.xsd"
    xmlns="http://www.loc.gov/MARC21/slim">

  <leader>02170nas a2200277Ia 4500</leader>
  <controlfield tag="001">R053-S9176</controlfield>
  <controlfield tag="003">IT-CnALBA</controlfield>
  <controlfield tag="008">170116c99999999xx ||||||||||||   ||und||</controlfield>
  <datafield tag="040" ind1=" " ind2=" ">
    <subfield code="a">IT-CnALBA</subfield>
    <subfield code="c">IT-CnALBA</subfield>
  </datafield>
  <datafield tag="041" ind1=" " ind2=" ">
    <subfield code="a">ITALIANO </subfield>
  </datafield>
  <datafield tag="100" ind1=" " ind2=" ">
    <subfield code="a">Bittanti Matteo # Cataneo Francesco # Autori vari</subfield>
  </datafield>
  <datafield tag="210" ind1=" " ind2=" ">
    <subfield code="a">CINEFORUM</subfield>
  </datafield>
  <datafield tag="222" ind1=" " ind2=" ">
    <subfield code="a">CINEFORUM</subfield>
  </datafield>
  <datafield tag="245" ind1=" " ind2="0">
    <subfield code="a">Cineforum 436. Luglio 2004. Rivista di cultura cinematografica</subfield>
  </datafield>
  <datafield tag="250" ind1=" " ind2=" ">
    <subfield code="a">1a ed.</subfield>
  </datafield>
  <datafield tag="260" ind1=" " ind2=" ">
    <subfield code="a">s.c.</subfield>
    <subfield code="b">Federazione italiana Cineforum. Bergamo '</subfield>
    <subfield code="c">2004 [1&#xB0; Ed.:2004 - Ed.Ling.Originale: 2004]</subfield>
  </datafield>
  <datafield tag="300" ind1=" " ind2=" ">
    <subfield code="a">96 p. </subfield>
  </datafield>
  <datafield tag="310" ind1=" " ind2=" ">
    <subfield code="a">MENSILE</subfield>
  </datafield>
  <datafield tag="362" ind1=" " ind2=" ">
    <subfield code="a">Fascicolo: 6 / Anno: 44 (2004)</subfield>
  </datafield>
  <datafield tag="500" ind1=" " ind2=" ">
    <subfield code="a">Il cinema dell'apocalisse. Tutto Cannes 2004. Salles, Frazzi, Kim, Dumont, Panahi, Coen, Haneke, Guaron, Zalica. Apocalisse Wow! The day after tomorrow di Roland Emmerich, tra distruzione e distrazione di massa. Schede. I diari della motocicletta di Wakter Salles. Cozzi E. Certi bambini di Andrea e Antonio Frazzi. Filmese. Zanetti A. Sancini A. Nasoni T. Schultze vuole suonare il blues. Moro Mo Brasit. Pontormo. Pontormo. Tutto Cannes 2004. Le nostre pagelle. Il meglio delle varie sezioni. Film in concorso. Fuori concorso. Festival e Rassegne. Rossi V. Setubal-Troia. Tivutargets. Le lune del cinema. Libri a cua di Comuzio E.        '</subfield>
  </datafield>
  <datafield tag="501" ind1=" " ind2=" ">
    <subfield code="a">Societ&#xE0; San Paolo EM - Piazza San Paolo, 14 - 12051 ALBA (CN)  (non commercial uses only) &#xAE; Copyright 2017</subfield>
  </datafield>
  <datafield tag="520" ind1=" " ind2=" ">
    <subfield code="a">Il cinema dell'apocalisse. Tutto Cannes 2004. Salles, Frazzi, Kim, Dumont, Panahi, Coen, Haneke, Guaron, Zalica. Apocalisse Wow! The day after tomorrow di Roland Emmerich, tra distruzione e distrazione di massa. Schede. I diari della motocicletta di Wakter Salles. Cozzi E. Certi bambini di Andrea e Antonio Frazzi. Filmese. Zanetti A. Sancini A. Nasoni T. Schultze vuole suonare il blues. Moro Mo Brasit. Pontormo. Pontormo. Tutto Cannes 2004. Le nostre pagelle. Il meglio delle varie sezioni. Film in concorso. Fuori concorso. Festival e Rassegne. Rossi V. Setubal-Troia. Tivutargets. Le lune del cinema. Libri a cua di Comuzio E.        '</subfield>
  </datafield>
  <datafield tag="650" ind1=" " ind2=" ">
    <subfield code="a">ARTI RICREATIVE E DELLO SPETTACOLO</subfield>
  </datafield>
  <datafield tag="942" ind1=" " ind2=" ">
    <subfield code="c">CR</subfield>
  </datafield>
  <datafield tag="957" ind1=" " ind2=" ">
    <subfield code="7">1</subfield>
  </datafield>
  <datafield tag="999" ind1=" " ind2=" ">
    <subfield code="a">79866</subfield>
    <subfield code="b">NO</subfield>
    <subfield code="g">1</subfield>
    <subfield code="c">336237</subfield>
    <subfield code="d">336237</subfield>
  </datafield>
  <datafield tag="952" ind1=" " ind2=" ">
    <subfield code="0">0</subfield>
    <subfield code="1">0</subfield>
    <subfield code="4">0</subfield>
    <subfield code="6">R_053S9176</subfield>
    <subfield code="7">1</subfield>
    <subfield code="a">ALBA</subfield>
    <subfield code="b">ALBA</subfield>
    <subfield code="d">2017-01-16</subfield>
    <subfield code="l">0</subfield>
    <subfield code="o">R053-S9176</subfield>
    <subfield code="r">2017-01-16 00:00:00</subfield>
    <subfield code="w">2017-01-16</subfield>
    <subfield code="y">CR</subfield>
    <subfield code="z">(data import: 16 gennaio 2017) - By Epidotti, Vaglietti. </subfield>
  </datafield>
</record>
